Loading...
Science - Other Science | 0 | 7 | 2 | 0 | 60 | 86 | 99.14 | 2 | 4 |
Religion | 0 | 6 | 1 | 1 | 55 | 76 | 96.33 | 0 | 5 |
Science - Chemistry | 0 | 3 | 0 | 1 | 30 | 75 | 107.00 | 1 | 3 |
Fine Arts - Other Fine Arts | 0 | 2 | 0 | 0 | 20 | 117 | 120.50 | 0 | 0 |
History - Other History | 0 | 2 | 0 | 1 | 20 | 105 | 125.00 | 1 | 1 |
Science - Physics | 0 | 4 | 4 | 1 | 20 | 107 | 112.75 | 1 | 2 |
Literature - American Literature | 0 | 1 | 0 | 0 | 10 | 111 | 111.00 | 1 | 1 |
History - World History | 0 | 1 | 0 | 1 | 10 | 128 | 128.00 | 0 | 0 |
Mythology | 0 | 1 | 0 | 0 | 10 | 103 | 103.00 | 0 | 0 |
Other | 0 | 1 | 1 | 0 | 5 | 108 | 108.00 | 0 | 1 |
History - American History | 0 | 0 | 1 | 0 | -5 | 0.00 | 0 | 0 |